Carranza y la Revolución de México (Record no. 3845)

MARC details
000 -CABECERA
campo de control de longitud fija 00694nam a2200241 a 4500
001 - NÚMERO DE CONTROL
campo de control BRCA_4129
005 - FECHA Y HORA DE LA ÚLTIMA TRANSACCIÓN
campo de control 20190320204544.0
008 - DATOS DE LONGITUD FIJA--INFORMACIÓN GENERAL
campo de control de longitud fija 140410s1916----sp-#######---#000-0#spa-#
041 ## - CÓDIGO DE LENGUA
Código de lengua del texto/banda sonora o título independiente spa
044 ## - CÓDIGO DEL PAÍS DE LA ENTIDAD EDITORA/PRODUCTORA
Código MARC del país sp
050 #4 - SIGNATURA TOPOGRÁFICA DE LA BIBLIOTECA DEL CONGRESO
Número de clasificación F1234.C3
Número de documento/Ítem .G64 1916
100 1# - ENTRADA PRINCIPAL--NOMBRE DE PERSONA
Nombre de persona González Blanco, Edmundo
9 (RLIN) 10662
245 10 - MENCIÓN DE TÍTULO
Título Carranza y la Revolución de México
Mención de responsabilidad, etc. Edmundo González Blanco.
250 ## - MENCIÓN DE EDICIÓN
Mención de edición 2
260 ## - PUBLICACIÓN, DISTRIBUCIÓN, ETC.
Lugar de publicación, distribución, etc. Madrid
Nombre del editor, distribuidor, etc. Imp. Helenica
Fecha de publicación, distribución, etc. 1916
300 ## - DESCRIPCIÓN FÍSICA
Extensión 590 p.
Dimensiones 19 cm.
440 #0 - MENCIÓN DE SERIE/PUNTO DE ACCESO ADICIONAL--TÍTULO
Título Biblioteca constitucionalista
Designación de volumen o secuencia 1
9 (RLIN) 10663
500 ## - NOTA GENERAL
Nota general C157
600 14 - PUNTO DE ACCESO ADICIONAL DE MATERIA--NOMBRE DE PERSONA
Nombre de persona Carranza, Venustiano
Fechas asociadas al nombre 1859-1920
9 (RLIN) 10132
651 #4 - PUNTO DE ACCESO ADICIONAL DE MATERIA--NOMBRE GEOGRÁFICO
Nombre geográfico México
Subdivisión general Historia
Subdivisión cronológica Revolución, 1910-1917
9 (RLIN) 10664
902 ## - CATALOGADOR
Iniciales GFM
942 ## - ELEMENTOS DE PUNTO DE ACCESO ADICIONAL (KOHA)
Fuente del sistema de clasificación o colocación Library of Congress Classification
Tipo de ítem Koha Libros
Holdings
Estado de retiro Estado de pérdida Estado dañado No para préstamo Localización permanente Ubicación/localización actual Fecha de adquisición Número de inventario Total de préstamos Signatura topográfica completa Código de barras Fecha visto por última vez Precio válido a partir de Tipo de ítem Koha
El ejemplar forma parte de la colección y puede ser consultado según las políticas vigentes.       Biblioteca del Museo Franz Mayer (Rogerio Casas-Alatriste) Biblioteca del Museo Franz Mayer (Rogerio Casas-Alatriste) 14/04/2010 C157   F1234.C3 .G64 1916 (C157) 4126 22/03/2019 22/03/2019 Libros